| 000 | 00530nam a2200205Ia 4500 | ||
|---|---|---|---|
| 005 | 20260429112313.0 | ||
| 008 | 260429s9999||||xx |||||||||||||| ||und|| | ||
| 020 | _a9781041147657 | ||
| 041 | _aEnglish | ||
| 082 |
_a572.633 _bBRA |
||
| 100 | _aBranden, Carl | ||
| 245 | 0 |
_aIntroduction to protein structure / _cCarl Branden |
|
| 250 | _a2nd ed. | ||
| 260 |
_aNew York : _bGarland Publishing, _c2025. |
||
| 300 | _axiv, 410 p.; pbk | ||
| 650 | _a Structure | ||
| 650 | _aProteins | ||
| 700 | _a Tooze, John | ||
| 942 | _cTB | ||
| 999 |
_c53390 _d53390 |
||